000 01044nam a22002417a 4500
999 _c12065
_d12065
003 Ge_BSU
005 20191004102527.0
008 181216s2018 ge ||||| |||| 00| 0 geo d
020 _a9941277125
041 _ageo
080 _a782
_b
100 _aფოფხაძე, იზოლდა
_974
245 _aგოგი დოლიძე /
_cი. ფოფხაძე ; რედ. არმაზ სანებლიძე ; დიზ. თამარ ჩხაიძე.
264 _a[თბილისი,
_c2018].
300 _a103 გვ. :
_bილ. +
_e1 CD
500 _aCD მოიცავს გოგი დოლიძის სიმღერებს.
600 _aდოლიძე, გოგი
_975
653 _aგოგი დოლიძე
653 _aქართული სიმღერა
700 _aსანებლიძე, არმაზ
_d
_eრედაქტორი
_976
700 _aჩხაიძე, თამარ
_eდიზაინერი
_977
942 _2udc
_cBK